U.S. Cabinet Departments by their Most Recent Secretaries - Statistics

General Stats
  • This quiz has been taken 24 times
  • The average score is 13 of 15
Answer Stats
Secretaries Department % Correct
Mark Esper, Jim Mattis, Ashton Carter, Chuck Hagel, Leon Panetta Defense
100%
William Barr, Jeff Sessions, Loretta Lynch, Eric Holder, Michael Mukasey Justice
100%
Mike Pompeo, Rex Tillerson, John Kerry, Hillary Clinton, Condoleezza Rice State
100%
Betsy DeVos, John King Jr., Arne Duncan, Margaret Spellings, Rod Paige Education
95%
Steven Mnuchin, Jack Lew, Timothy Geithner, Henry Paulson, John Snow Treasury
95%
Elaine Chao, Anthony R. Foxx, Ray LaHood, Mary E. Peters, Norman Mineta Transportation
90%
Sonny Perdue, Tom Vilsack, Ed Schafer, Mike Johanns, Ann Veneman Agriculture
85%
Dan Brouillette, Rick Perry, Ernest Moniz, Steven Chu, Samuel Bodman Energy
85%
Ben Carson, Julián Castro, Shaun Donovan, Steve Preston, Alphonso Jackson Housing and Urban Development
80%
Wilbur Ross, Penny Pritzker, John Bryson, Gary Locke, Carlos Gutierrez Commerce
75%
Alex Azar, Tom Price, Sylvia Mathews Burwell, Kathleen Sebelius, Michael O. Leavitt Health and Human Services
75%
Kirstjen Nielsen, John Kelly, Jeh Johnson, Janet Napolitano, Michael Chertoff Homeland Security
75%
David Bernhardt, Ryan Zinke, Sally Jewell, Ken Salazar, Dirk Kempthorne Interior
75%
Eugene Scalia, Alexander Acosta, Tom Perez, Hilda Solis, Elaine Chao Labor
75%
Robert Wilkie, David Shulkin, Bob McDonald, Eric Shinseki, James Peake Veterans Affairs
60%
No matching quizzes found
Score Distribution
Percent of People with Each Score
Percentile by Number Answered
Your Score History
You have not taken this quiz